ბათუმის შოთა რუსთაველის სახელმწიფო უნივერსიტეტის ბიბლიოთეკა

იოანე ბაგრატიონის "ქართული ლექსიკონი". (ბიბ.ჩანაწერი № 44342)

000 -LEADER
fixed length control field 00897nam a2200217Ia 4500
001 - CONTROL NUMBER
control field 11103
003 - CONTROL NUMBER IDENTIFIER
control field GE_BSU
008 - FIXED-LENGTH DATA ELEMENTS--GENERAL INFORMATION
fixed length control field 181216s||||||||xx |||||||||||||| ||und||
040 ## - CATALOGING SOURCE
Transcribing agency GE_BSU
080 ## - UNIVERSAL DECIMAL CLASSIFICATION NUMBER
Universal Decimal Classification number 811.353.1'373
100 ## - MAIN ENTRY--PERSONAL NAME
Personal name ქუთათელაძე,ლილი
245 ## - TITLE STATEMENT
Title იოანე ბაგრატიონის "ქართული ლექსიკონი".
245 ## - TITLE STATEMENT
Statement of responsibility, etc. მხატვ.მ.თუშმალიშვილი.
260 ## - PUBLICATION, DISTRIBUTION, ETC.
Place of publication, distribution, etc. თბილისი.
260 ## - PUBLICATION, DISTRIBUTION, ETC.
Name of publisher, distributor, etc. მეცნიერება.
260 ## - PUBLICATION, DISTRIBUTION, ETC.
Date of publication, distribution, etc. 1975.
300 ## - PHYSICAL DESCRIPTION
Extent 210გვ;22სმ.
300 ## - PHYSICAL DESCRIPTION
Accompanying material საძიებლები:ტერმინების,პირთა,გეოგრაფიულ სახელთა გვ.200-209.
653 ## - INDEX TERM--UNCONTROLLED
Uncontrolled term იოანე ბაგრატიონის "ქართული ლექსიკონი".
942 ## - ADDED ENTRY ELEMENTS (KOHA)
Koha item type წიგნი
ეგზემპლარები
Withdrawn status Lost status Damaged status Not for loan Date acquired Barcode Date last seen Price effective from Koha item type
        2018-12-17 19355 2018-12-17 2018-12-17 წიგნი